| 000 | 01217nam0a22002771 4500 | ||
|---|---|---|---|
| 001 | rc\3769322 | ||
| 005 | 20120127163731.2 | ||
| 021 |
_aRU _b74-19158 |
||
| 021 |
_aRU _bРг4661-75 |
||
| 035 | _a(NLR Aleph) 007219623 | ||
| 090 |
_a7693415 _c7693415 |
||
| 100 | _a20120127d1975 |||y0rusy50 ca | ||
| 101 | 0 | _arus | |
| 102 | _aRU | ||
| 105 | _ay z ||||| | ||
| 200 | 1 |
_aПоложение фармакологии среди других биологических наук и ее современные пути _eТезисы докл. _fМ-во здрав. СССР. Акад. мед. наук СССР. Отд-ние мед.-биол. наук АМН СССР. Ин-т фармакологии. Всесоюз. науч. о-во фармакологов. Первое кравковское чтение |
|
| 210 |
_aМосква _cБ. и. _d1975 |
||
| 215 |
_a24 с. _d20 |
||
| 300 | _aПеред загл. авт.: акад. АМН СССР С.В. Аничков | ||
| 320 | _aБиблиогр.: с. 24 | ||
| 700 | 1 |
_aАничков _bС. В. _f1892-1981 _gСергей Викторович |
|
| 801 | 0 |
_aRU _bNLR _gpsbo |
|
| 801 | 1 |
_aRU _bELAR _2rusmarc |
|
| 852 |
_aNLR _j74-4/38364 |
||
| 942 | _cBOOK | ||
| 980 | _aNB | ||